Statistics for Small countries based on their shape - part 1

Click here to take the quiz!

General Stats

  • This quiz has been taken 14 times
  • The average score is 12 of 15

Answer Stats

Answer% Correct
Cyprus
100%
Monaco
100%
Malta
92%
Vatican City
92%
Andorra
83%
San marino
83%
Singapore
83%
Barbados
75%
Jamaica
75%
Luxembourg
75%
Nauru
75%
Liechtenstein
67%
Saint Kitts and Nevis
67%
Brunei
58%
Tonga
58%

Score Distribution

Percentile by Number Answered

Percent of People with Each Score

Your Score History

You have not taken this quiz